|
|
|
|
| LEADER |
00642nam a22002052aa4500 |
| 001 |
001296052 |
| 003 |
CZ BrMZK |
| 005 |
20130530135047.0 |
| 007 |
ta |
| 008 |
130524m19489999pl er|||||||||||pol d |
| 040 |
|
|
|a BOA001
|b cze
|
| 100 |
1 |
|
|a Sikorski, Kazimierz,
|d 1895-1986
|7 jn20030204022
|4 aut
|
| 245 |
1 |
0 |
|a Harmonia /
|c Kazimierz Sikorski
|
| 260 |
|
|
|a Kraków :
|b Polskie Wydawnictwo Muzyczne,
|c 1948-
|
| 300 |
|
|
|a 1 sv.
|
| 505 |
1 |
|
|a cz. 1. 1948. 518 s.
|
| 910 |
|
|
|a BOA001
|b 2-0669.099
|s 1
|
| 990 |
|
|
|a BK
|
| 991 |
|
|
|b 201305
|
| 996 |
7 |
|
|b 2619001893
|c 2-0669.099
|d Cz. 1.
|v 1
|l Sklad H1
|r Sklad / do 24 hodin
|n 0
|h HS212
|w 001330634
|u 000010
|a 1
|e BOA001
|j MZK50
|s A
|